Welcome to CU Library Online Public Access Catalogue (OPAC)

Marriage : (Record no. 3067)

MARC details
000 -LEADER
fixed length control field 00782cam a2200241 a 4500
001 - CONTROL NUMBER
control field 12717834
005 - DATE AND TIME OF LATEST TRANSACTION
control field 20250125111203.0
008 - FIXED-LENGTH DATA ELEMENTS--GENERAL INFORMATION
fixed length control field 020325s2002 ncu 000 0 eng d
020 ## - INTERNATIONAL STANDARD BOOK NUMBER
International Standard Book Number 0802839762
050 00 - LIBRARY OF CONGRESS CALL NUMBER
Classification number HQ536
Item number .M3215 2002
082 00 - DEWEY DECIMAL CLASSIFICATION NUMBER
Classification number 306.81/0973
Edition information 21
245 00 - TITLE STATEMENT
Title Marriage :
Remainder of title just a piece of paper? /
Statement of responsibility, etc. edited by Katherine Anderson, Don Browning, and Brian Boyer.
250 ## - EDITION STATEMENT
Edition statement 1st ed.
260 ## - PUBLICATION, DISTRIBUTION, ETC.
Place of publication, distribution, etc. Grand Rapids, Mich. :
Name of publisher, distributor, etc. Eerdmans,
Date of publication, distribution, etc. c2002.
300 ## - PHYSICAL DESCRIPTION
Extent 410 p. ;
Dimensions 24 cm.
500 ## - GENERAL NOTE
General note "The companion book to a national PBS documentary narrated by Cokie Roberts."
650 #0 - SUBJECT ADDED ENTRY--TOPICAL TERM
Topical term or geographic name entry element Marriage
Geographic subdivision United States.
650 #0 - SUBJECT ADDED ENTRY--TOPICAL TERM
Topical term or geographic name entry element Families
Geographic subdivision United States.
700 1# - ADDED ENTRY--PERSONAL NAME
Personal name Anderson, Katherine.
700 1# - ADDED ENTRY--PERSONAL NAME
Personal name Browning, Don S.
700 1# - ADDED ENTRY--PERSONAL NAME
Personal name Boyer, Brian.
942 ## - ADDED ENTRY ELEMENTS (KOHA)
Source of classification or shelving scheme Library of Congress Classification
Koha item type Books
Suppress in OPAC No
999 ## -
-- 3067
-- 3067
Holdings
Withdrawn status Lost status Source of classification or shelving scheme Damaged status Not for loan Collection Home library Current library Shelving location Date acquired Total checkouts Full call number Barcode Date last seen Copy number Price effective from Koha item type
    Library of Congress Classification     Non-fiction Business Library (Miotso) Business Library (Miotso) General stacks 03/11/2026   HQ536P BSSM00002733 03/13/2026 4 03/11/2026 Books
    Library of Congress Classification     Non-fiction Undergraduate Library (Christ Temple) Undergraduate Library (Christ Temple) General stacks 01/25/2025   HQ 536P ulct00000942 01/25/2025 1 01/25/2025 Books
    Library of Congress Classification     Non-fiction Undergraduate Library (Christ Temple) Undergraduate Library (Christ Temple) General stacks 01/25/2025   HQ 536P ulct00000943 01/25/2025 2 01/25/2025 Books
    Library of Congress Classification     Non-fiction Undergraduate Library (Christ Temple) Undergraduate Library (Christ Temple) General stacks 01/25/2025   HQ 536P ulct00000944 01/25/2025 3 01/25/2025 Books
© 2023-2024 Copyright: Central University Libraries. All Rights Reserved | Created by: Mahone Tech Office